| 000 | 00617nam a2200217 i 4500 | ||
|---|---|---|---|
| 003 | OSt | ||
| 005 | 20160104100548.0 | ||
| 008 | 870807s1986 sp spa | ||
| 020 | _a84-450-7063-0 | ||
| 040 | _cBMC | ||
| 082 | _a813.5 | ||
| 100 | 1 |
_aSturgeon, Theodore _937656 _d1918-1985 |
|
| 245 | 1 | 0 |
_aMás que humano _cTheodore Sturgeon ; [traducción, José Valdivieso] |
| 250 | _a1ª ed | ||
| 260 |
_aBarcelona _bMinotauro _c1986 |
||
| 300 |
_a262 p. _c21 cm |
||
| 546 | _aTraducción de: More than human | ||
| 650 | 2 | 4 |
_917595 _aNovela norteamericana |
| 700 | 1 |
_aValdivieso, José _932905 |
|
| 942 |
_2ddc _cBK |
||
| 999 |
_c24036 _d24036 |
||